| 000 | 00731nam a2200193Ii 4500 | ||
|---|---|---|---|
| 003 | JO-AjNU | ||
| 008 | 230605s9999||||xx |||||||||||||| ||und|| | ||
| 040 |
_aJO-AjNU _bara _erda _cJO-AjNU |
||
| 041 | _aara | ||
| 050 | 1 | 4 | _aBP144 1975 |
| 100 | 3 |
_aرفعت، مصطفى كمال, _eauthor _936716 |
|
| 245 | 0 | 0 | _aالإسلام و رأي في جريمة الزنا |
| 264 | 3 | 1 | _aالقاهرة: مؤسسة دار الشعب، 1975 |
| 300 |
_a342ص _bيتضمن كشاف الاعلام ص277-309 ؛ المراجع ص313-321 ؛ الفهرس التحليلي ص325-340 |
||
| 336 |
_atext _btxt _2rdacontent |
||
| 337 |
_aunmediated _bn _2rdamedia |
||
| 338 |
_avolume _bnc _2rdacarrier |
||
| 650 | 4 |
_aالزنا- الاسلام _936717 |
|
| 999 |
_aA15279 _c18847 _d18847 |
||